Journal of Economics and Management Sciences / (Record no. 534522)
[ view plain ]
| 000 -LEADER | |
|---|---|
| fixed length control field | 00391nam a22001337a 4500 |
| 022 ## - INTERNATIONAL STANDARD SERIAL NUMBER | |
| International Standard Serial Number | 2073-0969 |
| 082 ## - DEWEY DECIMAL CLASSIFICATION NUMBER | |
| Classification number | Vol- |
| 100 ## - MAIN ENTRY--PERSONAL NAME | |
| Personal name | JEMS. |
| 245 ## - TITLE STATEMENT | |
| Title | Journal of Economics and Management Sciences / |
| Statement of responsibility, etc | Department of Economics. |
| 260 ## - PUBLICATION, DISTRIBUTION, ETC. (IMPRINT) | |
| Place of publication, distribution, etc | Sargodha: |
| Name of publisher, distributor, etc | University of Sargodha, |
| 300 ## - PHYSICAL DESCRIPTION | |
| Dimensions | 24cm. |
| 650 ## - SUBJECT ADDED ENTRY--TOPICAL TERM | |
| Topical term or geographic name as entry element | Economics - Journals, Management Sciences - Journals. |
| 942 ## - ADDED ENTRY ELEMENTS (KOHA) | |
| Koha item type | Continuing Resources |
| Damaged status | Not for loan | Permanent Location | Current Location | Date acquired | Full call number | Barcode | Koha item type |
|---|---|---|---|---|---|---|---|
| Central Library (CL) | Central Library (CL) | 03/01/2020 | Vol-2, No-1 Winter 2015 | S-96069 | Continuing Resources |
